000 00656nam a2200217Ia 4500
005 20251006225625.0
008 251006t2004||||xx |||||||||||||| ||und||
040 _aCBC
100 _aUllán de la Rosa, Francisco Javier
245 _aLa era del caucho en el Amazonas (1870-1920): modelos de explotación y relaciones sociales de producción
300 _ap. 183-204
650 _aCAPITALISMO
650 _aCAUCHO
650 _aGRUPOS ETNICOS
650 _aHISTORIA SOCIAL
650 _aMODOS DE PRODUCCION
650 _aSIGLOS XIX-XX
651 _aAMERICA LATINA-AMAZONIA
773 _aAnales: Museo de América No. 12 (2004)
942 _tMJCh
999 _c14431
_d14431